Geography Quiz

Random Geography or City Quiz

Mississippi Cities Quiz Stats

 Plays Quiz not verified by Sporcle

Score 0/20 Timer 04:00
0 Plays Today
Rank City % Correct
1Jackson
100%
3Biloxi
83.9%
2Gulfport
80.7%
4Hattiesburg
69.3%
9Vicksburg
66.7%
7Tupelo
64.6%
6Meridian
62.5%
14Starkville
52.6%
5Greenville
51.6%
18Natchez
49.5%
Rank City % Correct
10Pascagoula
42.7%
8Southaven
41.1%
11Columbus
39.1%
19Greenwood
34.9%
13Pearl
32.8%
12Clinton
32.3%
20Laurel
30.2%
15Olive Branch
29.7%
17Ridgeland
22.9%
16Clarksdale
20.3%

You're not logged in!

Compare scores with friends on all Sporcle quizzes.
OR
Log In

Show Comments

Extras

Top Quizzes Today


Score Distribution

Your Account Isn't Verified!

In order to create a playlist on Sporcle, you need to verify the email address you used during registration. Go to your Sporcle Settings to finish the process.

Report this User

Report this user for behavior that violates our Community Guidelines.

Details: